MDQL
is popping MORE tags! Check the
thread
!
Quizzes
Events
Quiz Creation
Community
Videos
Private Events
Remove Ads
Sign In
Join for FREE
Feedback
Dark Mode
Quiz Categories
Sports
Geography
Music
Movies
Television
Just For Fun
Miscellaneous
History
Literature
Language
Science
Gaming
Entertainment
Religion
Holiday
For Kids
Quiz Lab
Recent
Popular Today
Quiz Kudos Today
Editor Picks
Curator Picks
Quizzes by...
Day
Popularity
Type
Ratings
Length
Year
Community
Subscriptions
Recent Discussions
Orange Saloon
Badges
Playlists
Quests
Create
Leaderboards
Showdown
Live 5
Trivia Bingo
Activity
Puzzle Library
Sporcle Events
Private Events
Virtual Trivia
Globe League
Become a Host
Pub Owners
SporcleCon
Opinionation
Our Games
Videos
Blog
Mobile Apps
Partnerships
Remove Ads and Go Orange
Feedback
Television
TV Characters
TV Show
Sitcom
Network
Friends
Reality Shows
Cast
South Park
Star Trek
The Simpsons
Doctor Who
Television
TV Characters
TV Show
Sitcom
Network
Friends
Reality Shows
Cast
South Park
Star Trek
The Simpsons
Doctor Who
Random Quiz
Search Sporcle
×
Quiz Lab
Quiz Lab
Television
Reality Shows
Type in answers that appear in a list
Type in answers that appear in a list
Classic
Best Score? Go Orange.
Every Survivor Contestant R-Z Stats
Can you name the Every Survivor Contestant R-Z?
By
Jaxswim1
12m
99 Questions
464 Plays
464 Plays
464 Plays
Comments
Comments
Give Quiz Kudos
Give Quiz Kudos
-
- Ratings
hide this ad
Replay
Link that replays current quiz
Next Quiz
Link to next quiz in quiz playlist
You Got
0%
They Got
Avg Score
75%
Avg Friend Score
Upgrade to see
Score Distribution
Jump to the score distribution portion of the page
Score
0/99
Timer
12:00
0
Plays Today
Season
Contestant
% Correct
Survivor: The Amazon, Survivor: All-
Stars
Rob Cesternino
97%
Survivor: Marquesas, Survivor: All-
Stars, Survivor: Heroes vs. Villains, Survivor: Redemption Island
Rob Mariano
97%
Survivor: Borneo, Survivor: All-
Stars
Richard Hatch
94.6%
Survivor: Samoa, Survivor: Heroes vs. Villains, Survivor: Redemption Island
Russell Hantz
94.6%
Survivor: Samoa, Survivor: Philippines
Russell Swan
94.6%
Survivor: Gabon, Survivor: Heroes vs. Villains
Randy Bailey
93.5%
Survivor: Palau, Survivor: Guatemala, Survivor: Heroes vs. Villains
Stephenie LaGrossa
93.1%
Survivor: Pearl Islands, Survivor: Heroes vs. Villains
Sandra Diaz-Twine
92.2%
Survivor: Pearl Islands, Survivor: All-
Stars, Survivor: Heroes vs. Villains
Rupert Boneham
91.8%
Survivor: Borneo, Survivor: All-
Stars
Rudy Boesch
91.6%
Survivor: Africa, Survivor: All-
Stars
Tom Buchanan
91.4%
Survivor: Palau, Survivor: Heroes vs. Villains
Tom Westman
91.4%
Survivor: Tocantins
Stephen Fishbach
89.6%
Survivor: Borneo, Survivor: All-
Stars
Susan Hawk
88.8%
Survivor: Fiji, Survivor: Micronesia (FvF 1)
Yau-Man Chan
88.6%
Survivor: Panama -
Exile Island
Tina Scheer
88.1%
Survivor: The Australian Outback, Survivor: All-
Stars
Tina Wesson
88.1%
Survivor: Tocantins, Survivor: Heroes vs. Villains
Tyson Apostol
86.6%
Survivor: Gabon, Survivor: Heroes vs. Villains
Jessica Kiper
85.5%
Survivor: Thailand, Survivor: All-
Stars
Shii Ann Huang
84.2%
Survivor: Philippines
R.C. Saint-Amour
82.3%
Survivor: Philippines
Sarah Dawson
82.1%
Survivor: Marquesas
Sarah Jones
81.4%
Survivor: The Amazon
Ryan Aiken
81%
Survivor: Pearl Islands
Ryan Opray
81%
Survivor: Pearl Islands
Ryan Shoulders
81%
Survivor: Marquesas
Zoe Zanidakis
81%
Survivor: Thailand
Robb Zbacnik
80.8%
Survivor: Thailand
Stephanie Dill
80.8%
Survivor: Redemption Island
Stephanie Valencia
80.8%
Survivor: Marquesas
Robert DeCanio
80.6%
Survivor: South Pacific
Rick Nelson
80.1%
Survivor: Borneo
Sean Kenniff
80.1%
Season
Contestant
% Correct
Survivor: Marquesas
Sean Rector
80.1%
Survivor: Tocantins
Sierra Reed
80.1%
Survivor: Philippines
Zane Knight
79.3%
Survivor: Guatemala
Rafe Judkins
78.2%
Survivor: Panama -
Exile Island
Terry Deitz
78%
Survivor: Tocantins
Sandy Burgin
77.1%
Survivor: South Pacific
Stacey Powell
76.9%
Survivor: Borneo
Stacey Stillman
76.9%
Survivor: Caramoan (FvF 2)
Sherri Biethman
76.5%
Survivor: One World
Troyzan Robertson
76.5%
Survivor: Caramoan (FvF 2)
Reynold Toepfer
76.2%
Survivor: Panama -
Exile Island
Sally Schumann
76.2%
Survivor: The Australian Outback
Rodger Bingham
76%
Survivor: Fiji
Stacy Kimball
75.6%
Survivor: Borneo
Ramona Gray
75.4%
Survivor: One World
Tarzan Smith
74.7%
Survivor: Pearl Islands
Shawn Cohen
74.5%
Survivor: Gabon
Susie Smith
74.5%
Survivor: Samoa
Shannon Waters
73.9%
Survivor: South Pacific
Sophie Clarke
73.9%
Survivor: Cook Islands
Sundra Oakley
73.9%
Survivor: China
Todd Herzog
73.4%
Survivor: The Amazon
Roger Sexton
73%
Survivor: Redemption Island
Ralph Kiser
72.8%
Survivor: Nicaragua
Sash Lenahan
72.8%
Survivor: Panama -
Exile Island
Shane Powers
72.6%
Survivor: Borneo
Sonja Christopher
72.4%
Survivor: Redemption Island
Steve Wright
72.1%
Survivor: Tocantins
Taj Johnson-George
72.1%
Survivor: Vanuatu
Twila Tanner
72.1%
Survivor: Marquesas
Vecepia Towery
72.1%
Survivor: One World
Sabrina Thompson
71.5%
Survivor: Cook Islands
Rebecca Borman
70.8%
Season
Contestant
% Correct
Survivor: Cook Islands
Stephannie Favor
70.8%
Survivor: Fiji
James Reid
70.6%
Survivor: Caramoan (FvF 2)
Shamar Thomas
70.6%
Survivor: Vanuatu
Scout Cloud Lee
70.4%
Survivor: Marquesas
Tammy Liether
70.4%
Survivor: Micronesia (FvF 1)
Tracy Hughes-Wolfe
70.4%
Survivor: Nicaragua
Yve Rojas
69.3%
Survivor: Vanuatu
Rory Freeman
69.1%
Survivor: Nicaragua
Shannon Elkins
69.1%
Survivor: Palau
Wanda Shirk
69.1%
Survivor: The Amazon
Shawna Mitchell
68.3%
Survivor: Pearl Islands
Trish Dunn
68%
Survivor: Nicaragua
Wendy DeSmidt-Kohloff
68%
Survivor: Thailand
Ted Rogers
67.8%
Survivor: Africa
Teresa Cooper
67.8%
Survivor: Africa
Silas Gaither
67.6%
Survivor: Pearl Islands
Tijuana Bradley
67%
Survivor: Cook Islands
Sekou Bunch
66.3%
Survivor: Tocantins
Spencer Duhm
65.9%
Survivor: Tocantins
Sydney Wheeler
65.2%
Survivor: Palau
Willard Smith
65.2%
Survivor: South Pacific
Whitney Duncan
63.3%
Survivor: South Pacific
Semhar Tadesse
62.6%
Survivor: Philippines
Roxanne Morris
60.5%
Survivor: Fiji
Rita Verreos
60%
Survivor: Redemption Island
Sarita White
60%
Survivor: China
Sherea Lloyd
60%
Survivor: Samoa
Yasmin Giles
58.7%
Survivor: Thailand
Tanya Vance
56.8%
Survivor: Nicaragua
Tyrone Davis
56.6%
Survivor: Panama -
Exile Island
Ruth-Marie Milliman
56.2%
Survivor: Fiji
Sylvia Kwan
54.6%
Survivor: Vanuatu
Travis Sampson
52.7%
Quiz Playlist
Details
Report
Send in Message
Add To Playlist
Classic:
Type in answers that appear in a list
Last Updated: May 7, 2017
Quiz Scoreboard
CHALLENGE
Sign Up to Join the Scoreboard
Show All
Scores
Hide
Comments
May contain spoilers
Recently Published
1-10 Letter E Words III
by El_Dandy
Language
2m
Street Fighter Characters
by Artimus82
Gaming
60s
College Basketball Coaching Resumes
by pancakes188
Sports
9m
More to Explore
Quiz From the Vault
Featured Blog Post
Where Did the Easter Bunny Come From?
hide this ad
You Might Also Like...
Tags
Reality Shows Quiz
Survivor
Survivor Castaways
Today's Top Quizzes in Television
Browse Television
hide this ad
Today's Top Quizzes in Reality Shows
Browse Reality Shows
Top Contributed Quizzes in Television
1
Survivor Journey Challenge
2
Adjectives in 80s TV Shows
3
Adjectives in 00s TV Shows
4
5-to-1: The Simpsons Families
5
Adjectives in 10s TV Shows
6
5-to-1: Television Doctors
7
7-to-1: TV Show Settings
8
Adjectives in 70s TV Shows
9
5-to-1: Streaming Originals
10
Survivor Seasons
Explore More
Trending Topics
NBA
Harry Potter
Crossword
Kpop
Anime
Marvel
Disney
Song
WWE
Pokémon
The Office
Country
Puzzle
Soccer
NFL
hide this ad
More By:
Jaxswim1
Quiz
Plays
Rating
Category
Featured
Created
Every Survivor Contestant A-P
1,080
4.00
Television
Apr 19, 2013
Survivor Quotes (Clips)
904
4.83
Television
Jul 2, 2017
Total Drama Characters By Appearance Count
873
3.00
Television
Jul 2, 2013
Every Survivor Contestant R-Z
464
4.00
Television
Apr 19, 2013
Top 10 Billboard Hits of 2014
260
4.67
Music
Nov 22, 2014
Go to Creator's Profile
Score Distribution
Quiz Creator Spotlight
Jaxswim1
Follow
Send a Message
Quizzes Created
-
Created Quiz Play Count
-
More By This Creator
Popular Quizzes Today
1
Find the US States - No Outlines Minefield
2
Find the Countries of Europe - No Outlines Minefield
3
Find the US States
4
The Countries of the World
5
Risky Map Clicking: Biggest States A-Z
6
US States
7
Popular People in 1961
8
Movies - When Are They Set?
More Television Quizzes
Character Journey: Daenerys Targaryen
Quiz Lab
Trending Quizzes
Risky Map Clicking: Least Populous States A-Z
1-10 Letter G Words
Countries of the World: 200 Million BC
1-10 Letter F Words
Risky Map Clicking: Next State Alphabetically
Recently Updated
Rides in Walt Disney World
pecheneg
Most Oscar Losses (Acting)
pecheneg
Beyoncé Albums
pecheneg
Leaping Animals
pecheneg
Reality TV Shows (A-Z)
bhenderson79
Rickey Henderson's Hall of Fame Teammates
pecheneg
Champions League XIs: Arsenal
pecheneg
Quick Pick: Celebrities in WWE's Hall of Fame
aduchscher
A-Z Keypad Blitz II
pecheneg
Trending Topics
Harry Potter
Disney
Crossword
Anime
Marvel
Kpop
NBA
Puzzle
Pokémon
Song
NFL
Country
The Office
Soccer
WWE
Your Account Isn't Verified!
In order to create a playlist on Sporcle, you need to verify the email address you used during registration. Go to your
Sporcle Settings
to finish the process.
Report this User
Report this user for behavior that violates our
Community Guidelines
.
Details:
Send Report
Go to the Sporcle.com Mobile Site →
Comments